GASTRO-INTESTINAL PARASITES OF CATTLE AT KDERNGRAY COMMUNE,KANHCHRACH DISTRICT,PREY VENG PROVINCE,បរាសិតក្នុងក្រពះពោះវៀនគៅនៅឃុំក្តឿងរាយស្រុកកញ្ចៀច ខេត្តព្រៃវែង (Record no. 21769)

000 -LEADER
fixed length control field 00579nam a22001217a 4500
040 ## - CATALOGING SOURCE
Transcribing agency RUA
082 ## - DEWEY DECIMAL CLASSIFICATION NUMBER
Classification number VEM RET 2019 B1-530 Or.
100 ## - MAIN ENTRY--AUTHOR NAME
Personal name RET SIREYROTH,រ៉េត សិរីរ័ត្ន
245 ## - TITLE STATEMENT
Title GASTRO-INTESTINAL PARASITES OF CATTLE AT KDERNGRAY COMMUNE,KANHCHRACH DISTRICT,PREY VENG PROVINCE,បរាសិតក្នុងក្រពះពោះវៀនគៅនៅឃុំក្តឿងរាយស្រុកកញ្ចៀច ខេត្តព្រៃវែង
260 ## - PUBLICATION, DISTRIBUTION, ETC. (IMPRINT)
Place of publication phnom penh
Name of publisher rua
Year of publication 2019
300 ## - PHYSICAL DESCRIPTION
Number of Pages viii.38p.
Other physical details ill.
Dimensions 29cm.
942 ## - ADDED ENTRY ELEMENTS (KOHA)
Koha item type VEM
952 ## - LOCATION AND ITEM INFORMATION (KOHA)
Withdrawn status [LOCAL, KOHA] 0
952 ## - LOCATION AND ITEM INFORMATION (KOHA)
Withdrawn status [LOCAL, KOHA] 0
952 ## - LOCATION AND ITEM INFORMATION (KOHA)
Withdrawn status [LOCAL, KOHA] 0
952 ## - LOCATION AND ITEM INFORMATION (KOHA)
Withdrawn status [LOCAL, KOHA] 0
952 ## - LOCATION AND ITEM INFORMATION (KOHA)
Withdrawn status [LOCAL, KOHA] 0
952 ## - LOCATION AND ITEM INFORMATION (KOHA)
Withdrawn status [LOCAL, KOHA] 0
Holdings
Permanent Location Date acquired Koha item type Lost status Shelving location Barcode Current Location Full call number
Library Block B2023-08-25VEM B1.530a72427Library Block BVEM RET 2019 B1-530 Or.
Library Block B2023-08-25VEM B1.530a72349Library Block BVEM RET 2019 B1-530 Or.
Library Block B2023-08-25VEM B1.530a72198Library Block BVEM RET 2019 B1-530 Or.
Library Block B2023-08-25VEM B1.530a72654Library Block BVEM RET 2019 B1-530 Or.
Library Block B2023-08-25VEM B1.530a72121Library Block BVEM RET 2019 B1-530 Or.
Library Block B2023-08-25VEM B1.530a71946Library Block BVEM RET 2019 B1-530 Or.
មជ្ឈមណ្ឌលឯការនៃសាកលវិទ្យាល័យភូមិន្ទកសិកម្មចំការដូង

Powered by Koha